|
|
|
|
| LEADER |
02089nam a2200505 a 4500 |
| 001 |
nkc20142597241 |
| 003 |
CZ PrNK |
| 005 |
20150227145653.0 |
| 007 |
ta |
| 008 |
140623s2014 xr abfhf 001 0 cze |
| 015 |
|
|
|a cnb002597241
|
| 020 |
|
|
|a 978-80-7415-089-0
|q (váz.)
|
| 035 |
|
|
|a (OCoLC)886606166
|
| 040 |
|
|
|a BOA001
|b cze
|
| 041 |
0 |
|
|a cze
|b ger
|
| 043 |
|
|
|a e-xr---
|b e-xr-st
|2 czenas
|
| 045 |
|
|
|a u-v-
|
| 072 |
|
7 |
|a 631
|x Zemědělství. Pedologie. Agrotechnika. Agroekologie
|2 Konspekt
|9 24
|
| 080 |
|
|
|a 631.11
|2 MRF
|
| 080 |
|
|
|a 94(437.312)
|2 MRF
|
| 080 |
|
|
|a (048.8)
|2 MRF
|
| 100 |
1 |
|
|a Ryantová, Marie,
|d 1964-
|7 xx0007997
|4 aut
|
| 245 |
1 |
0 |
|a Vrchnostenské hospodaření na panství Vysoký Chlumec v 17. a na počátku 18. století :
|b příspěvek k dějinám českého velkostatku /
|c Marie Ryantová
|
| 246 |
3 |
|
|a Vysoký Chlumec
|
| 250 |
|
|
|a Vyd. 1.
|
| 260 |
|
|
|a [České Budějovice :
|b s.n.,
|c 2014]
|e ([Pelhřimov :
|f Nová tiskárna])
|
| 300 |
|
|
|a 210 s., [16] s. obr. příl. :
|b il. (některé barev.), mapy, faksim. ;
|c 22 cm
|
| 500 |
|
|
|a Původně předloženo jako autorčina disertace (CSc.)--Univerzita Karlova, Filozofická fakulta, 1995
|
| 500 |
|
|
|a V části nákladu u tiráže vlepeno: České Budějovice 2014
|
| 500 |
|
|
|a 500 výt.
|
| 504 |
|
|
|a Obsahuje bibliografii, bibliografické odkazy a rejstřík
|
| 546 |
|
|
|a Německé resumé
|
| 648 |
|
7 |
|a 17.-18. století
|7 ch757024
|2 czenas
|
| 650 |
0 |
7 |
|a velkostatky
|7 ph127013
|z Česko
|y 17.-18. stol.
|2 czenas
|
| 650 |
0 |
9 |
|a estates (land)
|z Czechia
|y 17th-18th centuries
|2 eczenas
|
| 655 |
|
7 |
|a monografie
|7 fd132842
|2 czenas
|
| 655 |
|
9 |
|a monographs
|2 eczenas
|
| 651 |
|
7 |
|a Vysoký Chlumec (Česko : oblast)
|7 ge292701
|x dějiny
|y 17.-18. stol.
|2 czenas
|
| 651 |
|
9 |
|a Vysoký Chlumec Region (Czechia)
|x history
|y 17th-18th centuries
|2 eczenas
|
| 910 |
2 |
|
|a BOA001
|b 2-1257.441
|
| 928 |
9 |
|
|a Nová tiskárna Pelhřimov
|
| 990 |
|
|
|a BK
|
| 995 |
|
|
|a 01
|
| 991 |
|
|
|b 201407
|c NOV
|e n
|
| 996 |
6 |
|
|b 2610596438
|c 2-1257.441
|l MZK
|r Sklad / do 1 hodiny
|n 11
|p p.v.
|w 001434095
|u 000010
|a 1
|e BOA001
|j MZK50
|s P
|